[Event "SVK-chT2D 2223"]
[Site "Slovakia"]
[Date "2022.10.08"]
[Round "1.8"]
[White "Gajdos, Michal"]
[Black "Kotora, Matus"]
[Result "1/2-1/2"]
[WhiteElo "1780"]
[BlackElo "1750"]
[PlyCount "90"]
[EventDate "2022.10.08"]
[EventType "team-tourn"]
[EventRounds "11"]
[EventCountry "SVK"]
[SourceTitle "EXT 2024"]
[Source "ChessBase"]
[SourceDate "2023.10.10"]
[SourceVersion "1"]
[SourceVersionDate "2023.10.10"]
[SourceQuality "1"]
[WhiteTeam "Presov Tatran Dason"]
[BlackTeam "Stropkov/Svidnik"]
[WhiteTeamCountry "SVK"]
[BlackTeamCountry "SVK"]

1. c4 e5 2. Nc3 Nf6 3. g3 d5 4. cxd5 Nxd5 5. Bg2 Nxc3 6. bxc3 Bc5 7. d3 Nc6 8. Nf3 e4 9. Ng5 e3 10. f4 0-0 11. Bxc6 bxc6 12. d4 Qd5 13. 0-0 Bb6 14. Bxe3 Ba6 15. Re1 Rad8 16. Bf2 h6 17. Nf3 Rfe8 18. Nd2 f5 19. e3 Kh8 20. Qb3 Re7 21. c4 Qe6 22. Rac1 Ba5 23. Red1 Bxd2 24. Rxd2 c5 25. d5 Qe4 26. Qa4 Rd6 27. Qc2 Rb6 28. Qxe4 Rxe4 29. Kg2 Bxc4 30. Kf3 g6 31. g4 Rd6 32. Rcd1 Rd8 33. gxf5 gxf5 34. Bh4 Rd6 35. Kf2 Re8 36. Bg3 Ra6 37. Rc1 Re4 38. Bh4 Rd6 39. Rdc2 Bxd5 40. Rxc5 Ra4 41. Rxc7 Rxa2+ 42. R1c2 Rxc2+ 43. Rxc2 a6 44. Be7 Rc6 45. Rxc6 Bxc6 1/2-1/2

[Event "SVK-chT2D 1819"]
[Site "Slovakia"]
[Date "2019.04.07"]
[Round "11.7"]
[White "Simko, Ladislav"]
[Black "Kotora, Matus"]
[Result "0-1"]
[WhiteElo "1378"]
[BlackElo "1746"]
[PlyCount "80"]
[EventDate "2018.10.13"]
[EventType "team-tourn"]
[EventRounds "11"]
[EventCountry "SVK"]
[SourceTitle "EXT 2020"]
[Source "ChessBase"]
[SourceDate "2019.10.17"]
[SourceVersion "1"]
[SourceVersionDate "2019.10.17"]
[SourceQuality "1"]
[WhiteTeam "Moldava nad Bodvou"]
[BlackTeam "Stropkov/Svidnik"]
[WhiteTeamCountry "SVK"]
[BlackTeamCountry "SVK"]

1. e4 e5 2. Nf3 Nc6 3. d4 exd4 4. Bc4 Be7 5. Nxd4 Bf6 6. Nxc6 dxc6 7. Qxd8+ Bxd8 8. Bf4 Nf6 9. 0-0 0-0 10. Nc3 Be6 11. Bxe6 fxe6 12. Bg3 Rf7 13. Rad1 Rc8 14. Rd2 Be7 15. a3 Kf8 16. Rfd1 Ke8 17. f3 g5 18. h3 h5 19. Bf2 g4 20. hxg4 hxg4 21. f4 Rh7 22. e5 Nd5 23. Nxd5 cxd5 24. g3 Kf7 25. Kf1 a6 26. Bg1 Rch8 27. Rg2 Kg6 28. Rdd2 Kf5 29. Ke2 c5 30. Kd3 b5 31. c3 Rh3 32. b4 c4+ 33. Ke2 Ra8 34. Be3 a5 35. Kd1 axb4 36. axb4 Rh1+ 37. Ke2 Raa1 38. Bf2 Rac1 39. Bd4 Rce1+ 40. Kf2 Rhf1# 0-1

[Event "SVK-ch U14"]
[Site "Lubovna"]
[Date "2013.04.11"]
[Round "7"]
[White "Suchansky, Jakub"]
[Black "Kotora, Matus"]
[Result "1-0"]
[WhiteElo "1668"]
[BlackElo "1360"]
[PlyCount "59"]
[EventDate "2013.04.06"]
[EventType "swiss"]
[EventRounds "9"]
[EventCountry "SVK"]
[SourceTitle "CBM 153 Extra"]
[Source "ChessBase"]
[SourceDate "2013.04.22"]
[SourceVersion "1"]
[SourceVersionDate "2013.04.22"]
[SourceQuality "1"]

1. e4 e5 2. Nc3 Nc6 3. Nf3 Nf6 4. Bb5 d6 5. d4 exd4 6. Qxd4 Bd7 7. Bxc6 Bxc6 8. Bg5 Be7 9. 0-0-0 0-0 10. Rhe1 Ng4 11. Bxe7 Qxe7 12. h3 Ne5 13. Qe3 Nxf3 14. gxf3 Qf6 15. Rg1 a5 16. Rg3 b5 17. Rdg1 g6 18. f4 Rfe8 19. f3 b4 20. Ne2 Bd7 21. Qd2 Rad8 22. f5 c5 23. Nf4 Kf8 24. fxg6 hxg6 25. Nxg6+ fxg6 26. Rxg6 Qh8 27. Qf4+ Bf5 28. Qxf5+ Ke7 29. Rg7+ Qxg7 30. Rxg7# 1-0

[Event "SVK-ch U14"]
[Site "Lubovna"]
[Date "2013.04.10"]
[Round "6"]
[White "Kotora, Matus"]
[Black "Milany, Levente"]
[Result "1-0"]
[WhiteElo "1360"]
[BlackElo "1288"]
[PlyCount "66"]
[EventDate "2013.04.06"]
[EventType "swiss"]
[EventRounds "9"]
[EventCountry "SVK"]
[SourceTitle "CBM 153 Extra"]
[Source "ChessBase"]
[SourceDate "2013.04.22"]
[SourceVersion "1"]
[SourceVersionDate "2013.04.22"]
[SourceQuality "1"]

1. e4 e5 2. Nf3 Nc6 3. d4 exd4 4. Nxd4 Bc5 5. Be3 Qf6 6. c3 Nge7 7. Be2 0-0 8. Nxc6 Bxe3 9. Nxe7+ Qxe7 10. fxe3 Qxe4 11. 0-0 Qxe3+ 12. Kh1 Re8 13. Bc4 Re7 14. Nd2 Qg5 15. Nf3 Qf4 16. Qd4 Qxd4 17. Nxd4 d6 18. Rae1 Rxe1 19. Rxe1 Kf8 20. Rf1 f6 21. Ne6+ Bxe6 22. Bxe6 Re8 23. Bb3 Re2 24. Rb1 Ke7 25. Kg1 Kd7 26. Kf1 Rd2 27. Bg8 h6 28. b4 b6 29. Bb3 a6 30. c4 Rd4 31. c5 Rxb4 32. Be6+ Kxe6 33. Rxb4 c6 1-0

[Event "SVK-ch U14"]
[Site "Lubovna"]
[Date "2013.04.08"]
[Round "3"]
[White "Dujava, Jonas"]
[Black "Kotora, Matus"]
[Result "1-0"]
[WhiteElo "1761"]
[BlackElo "1360"]
[PlyCount "37"]
[EventDate "2013.04.06"]
[EventType "swiss"]
[EventRounds "9"]
[EventCountry "SVK"]
[SourceTitle "CBM 153 Extra"]
[Source "ChessBase"]
[SourceDate "2013.04.22"]
[SourceVersion "1"]
[SourceVersionDate "2013.04.22"]
[SourceQuality "1"]

1. e4 e5 2. Nf3 Nc6 3. Bc4 Bc5 4. 0-0 Nf6 5. d4 Bxd4 6. Nxd4 Nxd4 7. f4 Ne6 8. fxe5 Nxe4 9. Qf3 0-0 10. Qxe4 c6 11. Nc3 d5 12. exd6 Qxd6 13. Bd3 g6 14. Qf3 Nd4 15. Qf2 Bf5 16. Bf4 Qd7 17. Be5 Bxd3 18. Qf6 Ne6 19. Qh8# 1-0

[Event "SVK-ch U14"]
[Site "Lubovnianske Kupele"]
[Date "2012.03.23"]
[Round "8"]
[White "Kohut, Matej"]
[Black "Kotora, Matus"]
[Result "0-1"]
[WhiteElo "1642"]
[BlackElo "1292"]
[PlyCount "64"]
[EventDate "2012.03.17"]
[EventType "swiss"]
[EventRounds "9"]
[EventCountry "SVK"]
[SourceTitle "CBM 147 Extra"]
[Source "ChessBase"]
[SourceDate "2012.04.24"]
[SourceVersion "1"]
[SourceVersionDate "2012.04.24"]
[SourceQuality "1"]

1. e4 a5 2. d4 b6 3. Nf3 Bb7 4. Bd3 Nf6 5. Nc3 d6 6. e5 Nd5 7. Nxd5 Bxd5 8. c4 Bb7 9. d5 Na6 10. Be3 g6 11. a3 Bg7 12. Bd4 Nc5 13. 0-0 0-0 14. b4 axb4 15. Bxc5 bxc5 16. axb4 dxe5 17. Rxa8 Bxa8 18. bxc5 c6 19. Qe2 cxd5 20. Nxe5 dxc4 21. Nxc4 Qd5 22. f3 Qxc5+ 23. Kh1 Bc6 24. Nd2 Rd8 25. Be4 Bb5 26. Qf2 Bd4 27. Qe1 Bxf1 28. Nxf1 Qc4 29. Nd2 Qc3 30. Qe2 Be3 31. Nb1 Qc1+ 32. Qf1 Qxf1# 0-1

[Event "SVK-ch U14"]
[Site "Lubovnianske Kupele"]
[Date "2012.03.17"]
[Round "1"]
[White "Kotora, Matus"]
[Black "Holtman, Teodor"]
[Result "0-1"]
[WhiteElo "1292"]
[BlackElo "1835"]
[PlyCount "84"]
[EventDate "2012.03.17"]
[EventType "swiss"]
[EventRounds "9"]
[EventCountry "SVK"]
[SourceTitle "CBM 147 Extra"]
[Source "ChessBase"]
[SourceDate "2012.04.24"]
[SourceVersion "1"]
[SourceVersionDate "2012.04.24"]
[SourceQuality "1"]

1. e4 d5 2. exd5 Nf6 3. Nc3 Nxd5 4. Nxd5 Qxd5 5. Nf3 Bg4 6. Be2 Nc6 7. 0-0 e6 8. c4 Qd7 9. d4 0-0-0 10. Be3 Bxf3 11. Bxf3 Nxd4 12. Bxd4 Qxd4 13. Qb3 Qb6 14. Qxb6 axb6 15. Rad1 Bd6 16. g3 h5 17. h4 g6 18. b3 Rdg8 19. Rd4 g5 20. Kh1 g4 21. Bg2 e5 22. Rd3 f5 23. Rfd1 f4 24. Bd5 Re8 25. Be4 Rh6 26. gxf4 exf4 27. Re1 Kb8 28. Re2 Rhe6 29. Rd5 Rxe4 30. Rxe4 Rxe4 31. f3 Re5 32. Rd3 Be7 33. fxg4 hxg4 34. Rd4 Rf5 35. Kg2 Bxh4 36. a4 f3+ 37. Kf1 Re5 38. Rd1 g3 39. Kg1 f2+ 40. Kf1 Re1+ 41. Rxe1 fxe1Q+ 42. Kxe1 g2+ 0-1